| 000 | 01057nas a2200337 4500 | ||
|---|---|---|---|
| 001 | BR0806120 | ||
| 003 | BR-BrBNA | ||
| 005 | 20231205112102.0 | ||
| 007 | ta | ||
| 008 | 230509b bl.|||p| |||| 00| 00por d | ||
| 040 |
_aBR-BrBNA _bpor _cBiblioteca Nacional de Agricultura |
||
| 041 | _a(Pt) | ||
| 072 | _aL53; L40 | ||
| 100 | 1 | _aBreda, J.C. | |
| 100 | 1 | _aGiacomeli, A.M. | |
| 100 | 1 | _aKozicki, L.E. | |
| 100 | 1 | _aSotomaior, C. | |
| 100 | 1 | _aMilczewski, V. | |
| 100 | 1 | _aCaldas, J. de S. | |
| 100 | 1 | _aSchwartz, M. da G. | |
| 100 | 1 | _aCarli, L. de | |
| 100 | 1 | _aZat, R. | |
| 245 | 1 | _aDados de alguns parâmetros anatômicos do aparelho reprodutivo de ovelhas da raça hampshire down e mestiças hampshire down-ile de france | |
| 650 | _aOVELHA | ||
| 650 | _aOVÁRIO | ||
| 650 | _aÚTERO | ||
| 650 | _aAPARELHO REPRODUTOR | ||
| 773 | 0 |
_tRevista Acadêmica.Ciências Agrárias e Ambientais (Brazil) _xISSN 0103-989X _g(Jul-Sep 2007), v. 5(3) p. 237-242 _wBR0806120 |
|
| 909 |
_a202311 _bLúcia _c55 _dLúcia Elande |
||
| 942 |
_2AGRIS _n0 _cANA |
||
| 999 |
_c196015 _d196015 |
||